01069cam a22002531a 4500001001300000003000400013005001700017008004100034010001700075035002000092040004800112050002700160051001600187100003700203245006500240260003300305300002000338490007900358500009200437501016900529650003400698830006600732999001700798e 19000244 DLC20260227111210.0860124s1919 dcu f000 0 eng c ae 19000244  a(OCoLC)13058433 aU.S. Off. of Educ. LibrarycABAUdABAUdDLC00aL111b.A6 1919, no. 27 aLC2801b.J71 aJones, Thomas Jesse,d1873-1950.10aRecent progress in Negro education /cby Thomas Jesse Jones. aWashington :bG.P.O.,c1919. a16 p. ;c23 cm.1 aBulletin / Department of the Interior, Bureau of Education ;v1919, no. 27 a"Advance sheets from the Biennial survey of education in the United States, 1916-1918." aCopy 1 of L111.A6 with: Vocational education, 1919, no. 25 / William T. Bawden. Washington : Govt. Print. Off., 1919. Bound together subsequent to publication.5DLC 0aAfrican AmericansxEducation. 0aBulletin (United States. Bureau of Education) ;v1919, no. 27 c20301d20301